| 000 | 00000nam##2200000za#4500 |
| 001 | 9.615898 |
| 003 | CaOODSP |
| 005 | 20241008111406 |
| 007 | ta |
| 008 | 150406|2002||||xxc||||| f|0| 0 eng|d |
| 020 | |a0-662-31654-1 |
| 040 | |aCaOODSP|beng |
| 043 | |an-cn--- |
| 086 | 1 |aEn40-222/11-2002E |
| 110 | 2 |aCanadian Wildlife Service. |
| 245 | 10|aGreat Lakes Coastal Wetlands - science and conservation |
| 260 | |aDownsview - Ontario : |bEnvironment Canada. |c2002. |
| 300 | |a12p. : |bcoloured illus., maps, tables ; |c28 cm. |
| 490 | 1 |aGreat Lakes fact sheet |
| 563 | |aSoftcover |
| 590 | |a02-22|b2002-05-31 |
| 690 | 07|aEnvironmental conservation|2gcpds |
| 690 | 07|aHabitats|2gcpds |
| 690 | 07|aWetlands|2gcpds |
| 775 | 08|tLes terres humides côtières des Grands Lacs - les sciences et la conservation |w(CaOODSP)9.625882 |
| 776 | 0#|tGreat Lakes coastal wetlands : |w(CaOODSP)9.571384 |
| 830 | #0|aGreat Lakes fact sheet.|w(CaOODSP)9.514572 |